LEADER 00930nam a2200241 i 4500 001 000000181285 003 CaOOAMICUS 005 20090828000000.0 008 090828s1986 it u000 u ita u 013 $a159117 040 $aSeMil$bita 100 1 $aMordini, Attilio.$0(OLS)http://semarc/name/56420 245 10$aFrancesco e Maria /$cAttilio Mordini ; a cura di Franco Cardini. 260 $aSiena :$bCantagalli,$c1986. 300 $a108 p. ;$c18 cm. 490 0 $aI classici cristiani ;$v269.-270 700 1 $aCardini, Franco,$d<1940- >.$0(OLS)http://semarc/name/321 830 2$aI classici cristiani ;$v269.-270.$0(OLS)http://semarc/title/386 850 $aSeMil 852 $aSeMil$W1$xVenegono$y1$m2S I 537$j132026$B132026$CSeMilBibl$Z2$F143826 $81 961 $aOmaggio: Altro 996 $6245$aFrancesco e Maria$9(OLS)http://semarc/title/260252 996 $6260$aSiena :$bCantagalli$9(OLS)http://semarc/publisher/29767 LEADER 01424nam a2200325 4500 001 000000347166 003 CaOOAMICUS 005 20210816162617.0 008 210726s1997 it a 000 u ita r 020 $a88-211-7026-8 040 $aSeMil$bita 245 00$aCantico dei cantici /$c33 acquarelli di Alfredo Chiąppori ; introduzione e traduzione di Gianfranco Ravasi. 246 11$aShir hasshirim 264 1$aGenova :$bMarietti 1820,$c1997. 300 $a115 p. :$bin gran parte ill. ;$c50 cm 500 $aIn custodia 541 0 $aOmaggio card. Angelo Scola (5Q XII 34) 546 $aTesto ebraico a fronte 650 4$aBibbia. Antico Testamento. Cantico dei Cantici - Illustrazioni.$0(OLS)http://semarc/subject/50705 700 1 $aChiąppori, Alfredo.$0(OLS)http://semarc/name/45017 700 1 $aRavasi, Gianfranco,$c.$0(OLS)http://semarc/name/244 850 $aSeMil 852 $aSeMil$W1$xVenegono$y1$m5Q XII 34$j227907$B238223$CSeMilBibl$Z2$F238223 $81 941 1 $a6 961 $aOmaggio card. Angelo Scola. -- Esemplare n. 419 di 1000 esemplari numerati 996 $6020$a88-211-7026-8$9(OLS)http://semarc/number/293727 996 $6245$aCantico dei cantici$9(OLS)http://semarc/title/303579 996 $6246$aShir hasshirim$9(OLS)http://semarc/title/436410 996 $6264$aGenova :$bMarietti 1820$9(OLS)http://semarc/publisher/32400 LEADER 02000nam a2200397 i 4500 001 000000112811 003 CaOOAMICUS 005 20030303000000.0 008 030303s1989 xxu u000 u eng u 013 $a85495 020 $a0-8028-0209-5 040 $aSeMil$bita 245 10$aBiblical interpretation in crisis :$bthe Ratzinger conference on Bible and Church /$cessays by Joseph Ratzinger ... [et al.] ; and «The story of encounter» by Paul T. Stallsworth. 250 $aEdited and with a foreword by. 260 $aGrand Rapids (Michigan) :$bEerdmans,$c1989. 300 $aXII, 190 p. ;$c21 cm. 490 0 $aEncounter series ;$v9 500 $aIn preliminari : Dedica autografa di Raymond Brown al Card. C.M. Martini. - Atti di una conferenza patrocinata dal Rockford Institute Center on Religion & Society. - Fondo Card. C.M. Martini. 650 4$aBibbia - Commentari, studi, critica, interpretazioni.$0(OLS)http://semarc/subject/783 650 4$aBibbia - Ermeneutica.$0(OLS)http://semarc/subject/2964 700 1 $aNeuhas, Richard John.$0(OLS)http://semarc/name/47223 700 1 $aStallsworth, Paul T.$0(OLS)http://semarc/name/47222 700 0 $aBenedictus XVI,$c.$0(OLS)http://semarc/name/298 774 0 $aStallsworth, Paul T.$tStory of an encounter.$w()304401 830 0$aEncounter series ;$v9.$0(OLS)http://semarc/title/11625 850 $aSeMil 852 $aSeMil$W1$xVenegono$y1$m2V III 184$j270663$B68528$CSeMilBibl$Z2$F91296 $81 900 1 $aRatzinger, Joseph,$d<1927-2022>. 900 0 $aBenedetto XVI$c. 941 1 $a4 961 $aOmaggio: Martini Card. Carlo Maria 996 $6020$a0-8028-0209-5$9(OLS)http://semarc/number/95490 996 $6245$aBiblical interpretation in crisis :$bthe Ratzinger conference on Bible and Church$9(OLS)http://semarc/title/164513 996 $6260$aGrand Rapids (Michigan) :$bEerdmans$9(OLS)http://semarc/publisher/32385